| 000 | 01378nam a2200373Ia 4500 | ||
|---|---|---|---|
| 001 | Z_6982 | ||
| 003 | CHAP | ||
| 005 | 20221116145323.0 | ||
| 008 | 220113s2017 xx 000 0 und d | ||
| 010 | _a170240 | ||
| 040 | _cCHAP | ||
| 090 | _aTesis B46 2575 | ||
| 100 |
_aBenítez Pacheco, Salvador _9133864 |
||
| 245 |
_aLa suplementación de arginina, selenio, vitaminas E y C incrementan la actividad antioxidante en el pulmón, corazón e hígado de pollos de engorda / _cSalvador Benítez Pacheco |
||
| 260 |
_aMéxico : _bEl autor, _c2017 |
||
| 300 | _a35 p | ||
| 502 | _aTesis (Ingeniero Agrónomo Especialista en Zootecnia) -- UACh, 2017 \ Dirección: Arturo Pro Martínez; asesoría: Leodan Tadeo Rodríguez Ortega y Eliseo Sosa Montes | ||
| 650 |
_aActividad antioxidante _9145888 |
||
| 650 |
_aArginina _9145148 |
||
| 650 |
_aAvicultura _98703 |
||
| 650 |
_aOxidación lipídica _9145657 |
||
| 650 |
_aPollos de engorda _9145149 |
||
| 650 |
_aSelenio _9103791 |
||
| 650 |
_aVitaminas E y C _9146476 |
||
| 700 |
_a Rodríguez Ortega, Leodan Tadeo, asesor _9143274 |
||
| 700 |
_a Sosa Montes, Eliseo, asesor _9143193 |
||
| 700 |
_aPro Martínez, Arturo, director _9137538 |
||
| 856 | 4 | 2 |
_uhttp://10.13.5.2/tesis/sist114031.pdf _yDescargar PDF |
| 901 | _aTESIS B46 2575 | ||
| 902 | _aA | ||
| 910 | _a2017 | ||
| 942 |
_c2 _2ddc |
||
| 942 |
_c2 _2ddc |
||
| 999 |
_c170240 _d170240 |
||